[Event "Buenos Aires"]
[Site "Buenos Aires"]
[Date "1980.??.??"]
[Round "?"]
[White "Hort, Vlastimil"]
[Black "Browne, Walter Shawn"]
[Result "1/2-1/2"]
[WhiteElo "2595"]
[BlackElo "2540"]
[Annotator "Chekhov,V"]
[PlyCount "72"]
[EventDate "1980.10.15"]
[EventType "tourn"]
[EventRounds "13"]
[EventCountry "ARG"]
[EventCategory "13"]
[SourceTitle "MCL"]
[Source "ChessBase"]
[SourceDate "1999.07.01"]
[SourceVersion "1"]
[SourceVersionDate "1999.07.01"]
[SourceQuality "1"]

1. c4 c5 2. Nf3 Nf6 3. Nc3 e6 4. g3 b6 5. Bg2 Bb7 6. O-O Be7 7. d4 cxd4 8. Qxd4
d6 9. b3 Nbd7 10. Bb2 (10. Rd1 a6 11. e4 O-O $6 (11... Qb8 $5) 12. Ba3 Nc5 13.
e5 dxe5 14. Qxd8 Raxd8 15. Nxe5 Bxg2 16. Kxg2 $16) 10... a6 11. Rfd1 O-O 12.
Ng5 Bxg2 13. Kxg2 Qc7 (13... Rc8 $5 14. Nce4 Rc6 $1) 14. Nge4 Qc6 15. f3 Rfd8
16. Rac1 (16. Nxf6+ Nxf6 17. e4 b5 $10) (16. Nxd6 $2 Nc5) 16... Nc5 17. Nxc5 $6
(17. Rc2 $5) 17... bxc5 (17... dxc5 $5 18. Qe5 $1 Bf8 $1 (18... Ng4 $6 19. Nd5
$1 $14)) 18. Qf4 d5 $1 19. cxd5 exd5 20. e4 $1 dxe4 (20... d4 21. Nb1 {
/\Na3-c4+/=/} (21. Na4 $5)) 21. fxe4 (21. Nxe4 $5 Nxe4 22. Qxe4 Qxe4 23. fxe4
$14) 21... Qe6 (21... Bf8 $5 22. Qf3 Rxd1 23. Rxd1 Re8) 22. Qf5 $6 (22. h3 $5
Bd6 23. Qf5 Be5 24. Qxe6 fxe6 25. Kf3 $13) 22... Qxf5 23. exf5 Ng4 $1 $17 24.
Rxd8+ Rxd8 25. Ne4 Ne3+ 26. Kh3 (26. Kf3 Nxf5 27. Nxc5 Rd2 $17) 26... Nxf5 (
26... Rd5 $5) 27. Ba3 $1 (27. Nxc5 $6 Rd2 28. Na4 h5) 27... Rd4 28. Re1 g5 $6 (
28... h5 $5 29. Bxc5 Bxc5 30. Nxc5 Rd2 31. Re5 g6 32. Nxa6 Rxa2 33. Nc5 Kg7 {
/\Kh6,g5=/+/}) 29. Bb2 $1 (29. Bxc5 Bxc5 30. Nxc5 g4+ 31. Kg2 Rd2+ $17) 29...
Rd3 30. Nxg5 $1 (30. Nf6+ $6 Bxf6 31. Bxf6 h6 $15) 30... Rd2 31. Bc3 Rc2 32.
Re5 $1 f6 (32... Rxc3 33. Rxf5 f6 34. Ne4) 33. Rxf5 fxg5 34. Bf6 Bxf6 35. Rxf6
Rxa2 36. Rf5 g4+ (36... g4+ 37. Kxg4 Rxh2 38. Rxc5 $10) 1/2-1/2

[Event "Buenos Aires"]
[Site "Buenos Aires"]
[Date "1980.??.??"]
[Round "?"]
[White "Andersson, Ulf"]
[Black "Giardelli, Sergio Carlos"]
[Result "1-0"]
[WhiteElo "2590"]
[BlackElo "2300"]
[Annotator "Chekhov,V"]
[PlyCount "75"]
[EventDate "1980.10.15"]
[EventType "tourn"]
[EventRounds "13"]
[EventCountry "ARG"]
[EventCategory "13"]
[SourceTitle "MCL"]
[Source "ChessBase"]
[SourceDate "1999.07.01"]
[SourceVersion "1"]
[SourceVersionDate "1999.07.01"]
[SourceQuality "1"]

1. Nf3 Nf6 2. c4 c5 3. g3 b6 4. Bg2 Bb7 5. O-O e6 6. Nc3 Be7 7. d4 cxd4 8. Qxd4
O-O (8... d6 $5 9. Bg5 (9. Rd1 $5) 9... a6 10. Bxf6 Bxf6 11. Qf4 Bxf3 12. Qxf3
Ra7 13. Rfd1 O-O 14. Rac1 Nd7 $5 15. Qe3 Be7 16. b3 Rc7 17. Rc2 Nc5 $132 {
Ribli,Z-Van der Wiel,J/Baden-Baden/1992/ Inf 56/41/}) 9. Rd1 $5 (9. e4 $5 Nc6
10. Qe3 Bc5 11. Qe2 d6 12. b3 Nd7 13. Bb2 Nde5 14. Rad1 $14 {Smejkal,
J-Gligoric,S/Urbas/1977/}) 9... Qc8 (9... d6 10. Bg5 Nbd7 11. Nb5 d5 12. cxd5
exd5 13. Qf4 $16 {Portisch,L-Furman,B/JUG/1975/}) (9... d5 10. Ne5 Bc5 11. Qh4
$16) 10. Bf4 (10. Qf4 Na6 11. b3 d5 12. Bb2 dxc4 13. Rac1 Qc7 $1 $13) 10... Nc6
11. Qd2 Na5 12. b3 Bb4 13. Be5 Ne4 14. Qb2 Bxc3 15. Bxc3 Nxc3 16. Qxc3 d5 17.
Rac1 $1 Rd8 (17... dxc4 18. b4 Nc6 19. Qxc4 $16) 18. cxd5 Qxc3 (18... Bxd5 $5
19. Qe5 $1 (19. Qd3 Qb7 20. Ng5 g6 (20... Bxg2 21. Qxd8+) 21. e4 Bc6 22. Qxd8+
(22. Qe2 Rxd1+ 23. Rxd1 h6 $13) 22... Rxd8 23. Rxd8+ Kg7 {1/4e7,h6@/}) 19...
Qb8 20. b4 (20. Rc7 Nc6 $1) (20. e4 Bb7) 20... Nc4 (20... Nb7 21. Qxb8 Raxb8
22. Ne5 $16) 21. Qxb8 Raxb8 22. e4 Bxe4 23. Rxd8+ Rxd8 24. Rxc4 Rd1+ 25. Bf1
Rxf1+ 26. Kg2 Bxf3+ (26... f5 27. Rc8+) 27. Kxf1) 19. Rxc3 Bxd5 (19... Rxd5 20.
Rdc1 $16) 20. Ne1 $1 (20. Ne5 f6) 20... Bxg2 21. Rxd8+ Rxd8 22. Kxg2 $16 f6 23.
b4 (23. Rc7 $5 {b4/} Rd2 24. b4 Rxe2 25. Kf1 Rxa2 26. Rxa7) 23... Nb7 24. Rc7
Nd6 (24... Rb8 25. Nc2 a6 (25... e5 26. Ne3 {[]f5/}) (25... a5 26. Nd4 {[]c6/
} Nd8 27. b5 {[]c6/}) 26. f4 {<<f3,e4>>/}) 25. Rxa7 Nf5 26. Nd3 Nd4 (26... e5
27. a4 $18) 27. Nf4 $1 g6 (27... e5 28. Nh5 $18) 28. e3 e5 (28... Nc6 29. Nxe6
Re8 (29... Rd6 30. Ra8+ Kf7 31. Nd4) 30. Nc7 {<<a8/}) 29. exd4 exf4 30. Rb7
fxg3 31. hxg3 Ra8 (31... Rxd4 32. Rxb6 $18) (31... Rd6 32. a4 $18) 32. Rxb6 Kf7
(32... Rxa2 $5) 33. d5 $1 Rxa2 (33... Ke7 34. Re6+ Kf7 35. Re2) 34. Rb7+ $18
Ke8 35. Rxh7 Rd2 (35... Rb2 36. Rb7) 36. b5 Rb2 37. Rb7 Rd2 38. b6 1-0

[Event "Buenos Aires"]
[Site "Buenos Aires"]
[Date "1980.??.??"]
[Round "?"]
[White "Najdorf, Miguel"]
[Black "Timman, Jan H"]
[Result "1-0"]
[WhiteElo "2510"]
[BlackElo "2600"]
[Annotator "Chekhov,V"]
[PlyCount "85"]
[EventDate "1980.10.15"]
[EventType "tourn"]
[EventRounds "13"]
[EventCountry "ARG"]
[EventCategory "13"]
[SourceTitle "MCL"]
[Source "ChessBase"]
[SourceDate "1999.07.01"]
[SourceVersion "1"]
[SourceVersionDate "1999.07.01"]
[SourceQuality "1"]

1. Nf3 Nf6 2. c4 c5 3. g3 d5 4. cxd5 Nxd5 5. Bg2 Nc6 6. O-O $6 (6. Nc3 $5 Nc7 (
6... g6 $5) (6... e6 $5)) 6... e5 7. Nc3 Be6 8. d3 (8. Ng5 $5 Qxg5 9. Nxd5 Qd8
10. Ne3 $10) 8... Be7 9. Bd2 O-O 10. a3 f6 11. Rc1 (11. Rb1 $5 {P d5,b4}) 11...
Qd7 $15 {@} 12. Nxd5 Bxd5 13. Bc3 Rfd8 14. Nd2 Bxg2 (14... Be6 $5) 15. Kxg2
Qd5+ 16. e4 $6 (16. Kg1 {P a4, c4} b5 $5) 16... Qe6 (16... Qxd3 17. Qb3+ Kh8
18. Qxb7) 17. Nc4 Rd7 18. Qc2 Bf8 19. Ne3 Rad8 $17 20. Rcd1 b5 (20... Kh8 $5)
21. Nd5 Ne7 22. Ne3 Kh8 23. b3 f5 $1 24. Ba5 Rc8 25. exf5 Nxf5 26. Nxf5 Qxf5
27. Rd2 (27. b4 c4 $1) 27... Rd5 28. Bc3 (28. Rc1 {P b4} Rc6 29. b4 $140 Rh6)
28... Rcd8 29. Re1 (29. Rfd1 R8d6 {P h6-/+}) 29... Rxd3 (29... h6 30. Re3 $5 (
30. Qb2 Rxd3 31. Rxe5 Qg6) (30. Re4 $2 Rxd3 $1)) 30. Rxd3 Qxd3 31. Qxd3 Rxd3
32. Bxe5 Rxb3 $4 (32... Kg8 33. Re3 Rxe3 34. fxe3 Kf7 35. Kf3 Ke6 36. Ke4 g6
$15) 33. Bd6 $1 $18 c4 (33... Bxd6 34. Re8+ $18) (33... Kg8 34. Re8 $18) 34.
Re8 h6 35. Rxf8+ Kh7 36. Ra8 Rd3 37. Bb4 Rd7 38. Rb8 a6 39. Ra8 Rc7 40. Bc3 Rc6
41. Ra7 Kg6 (41... Rg6 42. f4 Kg8 43. Kf3 $18) 42. g4 Kg5 43. Kg3 (43. Kg3 g6
44. h4#) 1-0

[Event "Buenos Aires"]
[Site "Buenos Aires"]
[Date "1980.??.??"]
[Round "?"]
[White "Najdorf, Miguel"]
[Black "Giardelli, Sergio Carlos"]
[Result "1/2-1/2"]
[WhiteElo "2510"]
[BlackElo "2300"]
[Annotator "Chekhov,V"]
[PlyCount "100"]
[EventDate "1980.10.15"]
[EventType "tourn"]
[EventRounds "13"]
[EventCountry "ARG"]
[EventCategory "13"]
[SourceTitle "MCL"]
[Source "ChessBase"]
[SourceDate "1999.07.01"]
[SourceVersion "1"]
[SourceVersionDate "1999.07.01"]
[SourceQuality "1"]

1. Nf3 Nf6 2. c4 b6 3. g3 c5 4. Bg2 Bb7 5. O-O e6 6. Nc3 Be7 7. Re1 O-O (7...
d6 8. e4 e5 9. Nh4 $5 Nc6 10. Nf5 Bf8 11. Qa4 g6 12. d4 $1 $16 {Vaganian,
R-Minasian,A/URS/1991/0:1 (57) Inf 53/480/}) (7... d5 8. cxd5 exd5 9. d4 $14)
8. e4 d6 9. d4 cxd4 10. Nxd4 Qc8 (10... Qc7 $5 11. Be3 (11. Ndb5 Qc6) 11... a6
12. Rc1 Nbd7 13. f4 Rfe8 14. Nd5 $5 exd5 15. cxd5 Qb8 16. Nc6 Bxc6 17. dxc6 Nc5
18. c7 Qxc7 19. e5 dxe5 20. Bxa8 Rxa8 21. b4 exf4 22. Bxf4 {Ftacnik,L-Browne,W/
USA/1991/1:0 (61) Inf 51/41/} Qb7 $1 $13) 11. b3 $6 (11. Be3 a6 (11... Qxc4 $2
12. e5 $1 $16) 12. Rc1 Nbd7 13. f4 $36) 11... a6 12. Bb2 Nbd7 13. Qe2 Re8 14.
Kh1 Bf8 15. Rad1 Qc7 16. Nc2 (16. f4 e5 $5 $13) 16... Rad8 17. f4 g6 (17... e5
18. f5) 18. g4 h6 19. Ne3 Qb8 20. Nf1 b5 $1 21. cxb5 axb5 22. b4 (22. Qxb5 $2
Nxg4) (22. Nxb5 Bxe4 23. Bxe4 Nxe4 24. Qxe4 Qxb5) 22... Bc6 (22... e5 $5 23. f5
d5 24. exd5 Bxb4) 23. Nd2 Nb6 $6 (23... e5 $5 24. f5 Nb6 25. Nb3 (25. Nxb5 $2
d5 26. exd5 Nbxd5) 25... d5 26. exd5 Nbxd5 27. Nxd5 Bxd5 28. Bxd5 (28. Bxe5
Rxe5 29. Qxe5 Qxe5 30. Rxe5 Bxg2+ $19) 28... Rxd5 29. Rxd5 Qa8 30. Qg2 (30.
Qxb5 Nxd5 $36) 30... Qxd5 31. Qxd5 Nxd5 32. Rxe5 Rxe5 33. Bxe5 Nxb4 34. Nd4
Nxa2 35. Nxb5 $10) 24. Nxb5 $1 e5 25. Rc1 Bd7 (25... Qb7 26. Nb3 Na4 27. Nxd6
Rxd6 28. Na5 Qa8 29. Bxe5 $36) (25... Bxb5 26. Qxb5 Nxg4 27. h3 Nf6 28. Nf3
Nbd7 29. Qxb8 Rxb8 30. fxe5 dxe5 31. a3 $16) 26. Nc7 Re7 (26... Bxg4 27. Qf2)
27. fxe5 dxe5 28. Na6 Qa8 29. b5 $6 (29. h3 Bc8 30. b5 $16) 29... Bxb5 $1 30.
Qxb5 Rxd2 31. Ba3 (31. Bxe5 Nxg4 32. Qxb6 Re6) 31... Ra7 32. Bxf8 Rxa6 (32...
Kxf8 $2 33. Qxb6 Rxa6 34. Qb4+ $18) (32... Qxf8 33. Qxb6) 33. Bxh6 Rf2 $5 (
33... Rdxa2 34. Qxe5 Nbd7 35. Qf4) 34. Re2 (34. Be3 $2 Rxg2 35. Kxg2 Qxe4+ $36)
34... Nxg4 35. Rxf2 (35. Bg5 Rxa2 $1 36. Rxa2 Qxa2) 35... Nxf2+ 36. Kg1 Ng4 37.
Bg5 Qa7 38. Qc5 Rxa2 39. h3 Ra5 $1 40. Qc7 Qxc7 41. Rxc7 Ra1+ 42. Bf1 Nh2 43.
Kxh2 Rxf1 44. Kg2 Re1 45. Bf6 (45. Rb7 Nc4 46. Bf6 g5) 45... Rxe4 46. Rc6 Rb4
47. Bxe5 Re4 48. Bf6 (48. Rxb6 Rxe5 $17) 48... Re6 49. Rxe6 fxe6 50. Kg3 Nd7 (
50... Nd7 51. Bb2 Kf7 52. Kg4 e5 53. Kg5 {h4,h5=/}) 1/2-1/2

[Event "WchT U26 03rd"]
[Site "Graz"]
[Date "1981.08.21"]
[Round "5"]
[White "Speelman, Jonathan S"]
[Black "Kasparov, Garry"]
[Result "0-1"]
[WhiteElo "2520"]
[BlackElo "2630"]
[Annotator "ChessBase"]
[PlyCount "140"]
[EventDate "1981.08.17"]
[EventType "team-swiss"]
[EventRounds "11"]
[EventCountry "AUT"]
[SourceTitle "EXT 2020"]
[Source "ChessBase"]
[SourceDate "2019.10.17"]
[SourceVersion "1"]
[SourceVersionDate "2019.10.17"]
[SourceQuality "1"]
[WhiteTeam "England"]
[BlackTeam "Soviet Union"]
[WhiteTeamCountry "ENG"]
[BlackTeamCountry "URS"]

1. Nf3 Nf6 2. c4 c5 3. Nc3 e6 4. g3 b6 5. Bg2 Bb7 6. O-O Be7 7. b3 O-O 8. Bb2
d6 9. e3 Nbd7 10. d4 a6 11. Rc1 (11. Qe2 Ne4 $10) 11... b5 $1 12. d5 (12. dxc5
Nxc5 13. cxb5 axb5 14. Nxb5 Rxa2 15. Bxf6 Bxf6 $1 16. Qxd6 (16. Nxd6 Ba6 17.
Rxc5 Be2 $1 18. Qb1 Rb2 {/\ 19.... Bf1}) 16... Nxb3 17. Rcd1 Qxd6 18. Nxd6 Bxf3
19. Bxf3 Nd2 $16) 12... exd5 13. Nxd5 Nxd5 14. cxd5 Bf6 $1 15. Bxf6 Nxf6 (15...
Qxf6 $1 {/^(f6-a1) /\ a6-a5, b5-b4, a5-a4}) 16. Nh4 a5 17. e4 Re8 18. Re1 {
/\ e5} g6 (18... a4 19. e5 $1 Rxe5 20. Rxe5 dxe5 21. Rxc5 $16 e4 22. Nf5 $1)
19. Qd2 b4 (19... a4 $2 20. b4) 20. a3 (20. f4 Nd7 21. Rcd1 a4 22. Nf3 axb3 23.
axb3 Qb6 $132 (23... Ra3 $132)) 20... bxa3 21. Ra1 Qe7 $1 22. h3 {/\ 23.Re3} (
22. Rxa3 $2 Nxd5) (22. e5 $2 dxe5 (22... a4 $2 23. exf6 Qxe1+ 24. Rxe1 Rxe1+
25. Qxe1 axb3 26. Nf5 $3 $18 a2 (26... gxf5 27. Qe3 a2 28. Qh6 a1=Q+ 29. Bf1
Qxf6 30. Qxf6) 27. Nh6+ Kh8 28. Nxf7+ Kg8 29. Nh6+ Kh8 30. Qe7 a1=Q+ 31. Bf1)
23. d6 Qd7 $10) (22. f4 a4 23. e5 axb3 24. exf6 Qxe1+ 25. Rxe1 Rxe1+ 26. Qxe1
a2 $19) 22... Qe5 {/\ 23.... Qb2} 23. Rxa3 Qd4 $1 (23... Nxd5 24. Nf3 $2) 24.
Qxd4 $1 cxd4 25. Ra4 (25. Rd1 {>=} Nxe4 26. Rxd4 Nc5 27. b4 axb4 28. Rxa8 Rxa8
29. Rxb4 Kf8 $15 {>< Pd5}) 25... d3 (25... Bxd5 26. Rxd4 Rab8 27. Ra1) 26. Rd1
$6 (26. Rd4 Bxd5 27. Rxd3 Rab8 28. Ra1 Bxb3 29. Rxa5 Nxe4 30. Bxe4 $6 Rxe4 31.
Rxd6 Be6 32. Kg2 Re2 33. Ra3 Rbb2 34. Rf3 h5 {-/+/=/+}) 26... Nd7 27. b4 (27.
Rxd3 $2 Nc5) 27... axb4 28. Rxb4 Nc5 29. Nf3 Ra2 (29... Rxe4 30. Rxe4 Nxe4 31.
Ne1 Nc3 32. Rxd3 Ra1 33. Rxc3 Rxe1+ 34. Kh2 Rd1 $15) 30. e5 $1 dxe5 31. Rc1 Rc2
32. Rxc2 dxc2 33. Rc4 Nb3 34. Rxc2 Bxd5 35. Rc7 e4 36. Ne1 Nd4 37. Rd7 (37. Nc2
Ne6 (37... Nf3+ 38. Bxf3 exf3 39. Ne3 {/\ g4, Kh2-g3 =}) 38. Rd7 Rd8 39. Rxd8+
Nxd8 $17) 37... Re5 38. Nd3 $2 exd3 39. Bxd5 Kf8 (39... d2 40. Bxf7+ {/\ 41.Rd4
}) 40. Bc4 (40. Bxf7 Re4 $1 $19) 40... d2 41. Rxd4 Re1+ 42. Kg2 d1=Q 43. Rxd1
Rxd1 44. h4 Rc1 45. Bd5 Rc5 46. Bb3 Ke7 47. Ba2 h6 48. Bb3 Rc7 49. Ba2 Kd6 50.
Kh3 Ke5 51. Kg4 Ra7 52. Bb3 Rb7 53. Bd1 Rb2 54. Kf3 Kd4 55. Be2 Rb3+ 56. Kg2
Kc3 57. Bf3 Rb5 58. Bc6 Rc5 59. Be8 Rc7 60. Kf1 Kd2 61. Ba4 Rc1+ 62. Kg2 Ke1
63. Bb3 Rc7 64. f4 Ke2 65. Bd5 Ke3 66. Ba8 f6 67. Kg1 Rg7 68. Kg2 g5 69. hxg5
hxg5 70. fxg5 Rxg5 0-1

[Event "Belgrade Trako"]
[Site "Belgrade"]
[Date "1995.??.??"]
[Round "11"]
[White "Arsovic, Goran"]
[Black "Timoshenko, Georgy"]
[Result "1/2-1/2"]
[WhiteElo "2385"]
[BlackElo "2555"]
[Annotator "ChessBase"]
[PlyCount "134"]
[EventDate "1995.03.??"]
[EventType "tourn"]
[EventRounds "13"]
[EventCountry "YUG"]
[EventCategory "9"]
[SourceTitle "CBM 047 Extra"]
[Source "ChessBase"]
[SourceDate "1995.09.01"]
[SourceVersion "1"]
[SourceVersionDate "1995.09.01"]
[SourceQuality "1"]

1. Nf3 Nf6 2. c4 b6 3. g3 Bb7 4. Bg2 c5 5. O-O g6 6. Nc3 Bg7 7. d4 cxd4 8. Qxd4
d6 9. Rd1 Nbd7 10. Be3 O-O 11. Qh4 Rc8 12. Rac1 Re8 13. b3 a6 14. Bh6 Bh8 15.
Bh3 Bxf3 16. exf3 Rc5 17. g4 Ne5 18. Qg3 Rc8 19. Be3 Bg7 20. f4 Ned7 21. Qf3 h6
22. Qb7 Nc5 23. Qg2 Rb8 24. f5 g5 25. f4 Nh7 26. b4 Bxc3 27. Rxc3 Nd7 28. Qg3
Ndf6 29. Bg2 e6 30. fxg5 hxg5 31. Rxd6 Qe7 32. Rcd3 exf5 33. gxf5 Ne4 34. Bxe4
Qxe4 35. Bxg5 Qe1+ 36. Qxe1 Rxe1+ 37. Kf2 Re5 38. Rd8+ Rxd8 39. Rxd8+ Kg7 40.
f6+ Kg6 41. Be3 Re4 42. Rd4 Re6 43. Rg4+ Kf5 44. Rf4+ Ke5 45. Kg3 Rd6 46. Rh4
Rd3 47. Rh5+ Kxf6 48. Kf2 Nf8 49. Bxb6 Rd2+ 50. Kg3 Rxa2 51. Ra5 Rc2 52. Bd4+
Ke7 53. Bc5+ Ke8 54. Rxa6 Ne6 55. Ra8+ Kd7 56. Ra7+ Kc6 57. Ra6+ Kd7 58. Ra7+
Kc6 59. Rxf7 Rc3+ 60. Rf3 Rxc4 61. h4 Nxc5 62. bxc5 Rxc5 63. Kg4 Kd7 64. Re3
Rc8 $1 (64... Rc1 $10) 65. h5 Re8 66. Rf3 Ke7 67. h6 Rf8 1/2-1/2

[Event "Bad Woerishofen op 13th"]
[Site "Bad Woerishofen"]
[Date "1997.??.??"]
[Round "9"]
[White "Espig, Lutz"]
[Black "Bischoff, Klaus"]
[Result "0-1"]
[WhiteElo "2405"]
[BlackElo "2550"]
[Annotator "ChessBase"]
[PlyCount "36"]
[EventDate "1997.03.07"]
[EventType "swiss"]
[EventRounds "9"]
[EventCountry "GER"]
[SourceTitle "EXT 2000"]
[Source "ChessBase"]
[SourceDate "1999.11.16"]
[SourceVersion "1"]
[SourceVersionDate "1999.11.16"]
[SourceQuality "1"]

1. Nf3 c5 2. c4 Nf6 3. Nc3 e6 4. g3 b6 5. Bg2 Bb7 6. O-O a6 7. b3 Be7 8. d4
cxd4 9. Qxd4 d6 10. Ba3 Nc6 11. Qf4 Qc7 12. Rfd1 Rd8 13. Ng5 O-O 14. Nge4 Ne8
15. Qe3 Na7 16. Rac1 Nc8 17. Bb2 Qb8 18. a4 $4 (18. g4 $1 {>< Nc8, Ne8} d5 (
18... Qa8 19. g5 d5 $140 20. cxd5 exd5 21. Ng3 d4 22. Bxb7 Qxb7 23. Qe4 $1 (23.
Rxd4 Bxg5) 23... Qxe4 24. Ncxe4) (18... f5 19. gxf5 exf5 20. Ng5 $18) (18... h6
$5 $14) 19. cxd5 exd5 20. Ng3 d4 21. Rxd4 Bc5 22. Qf4 $16 (22. Nce4 $5 Bxd4 23.
Bxd4 $40)) 18... d5 (18... d5 19. cxd5 exd5 20. Ng5 d4 21. Rxd4 Bxg5) 0-1

[Event "Dortmund-B"]
[Site "Dortmund"]
[Date "1989.??.??"]
[Round "?"]
[White "Klinger, Josef"]
[Black "Wahls, Matthias"]
[Result "0-1"]
[WhiteElo "2475"]
[BlackElo "2515"]
[Annotator "ChessBase"]
[PlyCount "84"]
[EventDate "1989.03.??"]
[EventType "tourn"]
[EventRounds "11"]
[EventCountry "GER"]
[EventCategory "8"]
[SourceTitle "CBM 013"]
[Source "ChessBase"]
[SourceDate "1989.12.01"]
[SourceVersion "1"]
[SourceVersionDate "1989.12.01"]
[SourceQuality "1"]

1. Nf3 {(Matthias Wahls)} Nf6 2. c4 c5 3. g3 b6 4. Bg2 Bb7 5. O-O e6 6. Nc3 a6
7. b3 (7. Re1 Be7 8. e4 d6 9. d4 cxd4 10. Nxd4 Qc7 11. Be3 O-O (11... Qxc4 $2
12. Rc1 {/\ Nd5}) 12. Rc1 Nbd7 13. f4 Rfe8 14. g4 h6 {14...Nf8; 14...Nc5; 14...
g6} 15. g5 hxg5 16. fxg5 Nh7 17. g6 $14) (7. d4 cxd4 8. Qxd4 {/\ 9.b3; 9.Bg5 9.
Rd1} d6 9. Rd1 Be7 10. Ng5 Bxg2 11. Kxg2 Nc6 12. Qf4 Ra7 $1 13. Nce4 (13. Nge4
{RR} Rd7 14. Be3 Ne5 $1 15. Nxf6+ Bxf6 16. Na4 Qa8+ 17. f3 Qc6 18. Nxb6 Rb7 19.
c5 dxc5 20. Nc4 $10 {Horvath,T-Schneider,A/HUN-ch/1984/1/2-1/2/}) 13... Rd7 14.
Nxf6+ Bxf6 15. Nxh7 $1 Rxh7 16. Qe4 Rh5 17. Qxc6 Rc5 $13 {Ribli,Z-Wahls,M/BL
87\88/1/2-1/2/}) 7... d6 (7... Be7 $2 8. d4 cxd4 9. Qxd4 d6 10. Ba3 $14) 8. d4
cxd4 (8... Be7 $2 9. d5 $1) 9. Qxd4 $1 Nbd7 10. Ng5 $6 (10. Ba3 $6 Nc5 $1) (10.
Rd1 Be7 11. e4 Qc8 $5 (11... Qc7 12. Ba3 Nc5 13. e5 dxe5 14. Qxe5 Rc8 $14) (
11... Qb8 12. Ba3 Nc5 13. e5 dxe5 14. Qxe5 Ncd7 $14) 12. Bb2 (12. Ba3 $6 Nc5
13. e5 $2 dxe5 14. Qxe5 Ncd7 $1 $19) 12... O-O 13. Nd2 Qc7 14. Rac1 Rac8 15. h3
Rfe8 $10) (10. Bb2 {Uhlmann} Be7 {/\ 11...0-0, 12...Qc7, 13...Rad8, 14...Rfe8,
15...Bf8, 16...Qb8, 17...g6, 18...Bg7, 19...Ba8/19...Qa8}) 10... Bxg2 11. Kxg2
Qc7 $1 (11... Rc8 $2 12. Nge4 Rc6 13. Bg5 $14) 12. Rd1 Be7 13. Bb2 (13. Nge4
O-O $1 14. Bg5 (14. Nxd6 $2 Rfd8 15. e4 (15. Nde4 Nc5 $1) 15... e5 $19) 14...
Qc6 15. f3 Rfd8 16. Nxf6+ Bxf6 17. Bxf6 Nxf6 18. Rac1 Rac8 $10 {Olafsson,
H-Gurevich,M/Akureyri/1988/}) 13... O-O 14. Nge4 Rfd8 15. f3 $2 (15. Nxd6 $2
Nc5 $19) (15. Nxf6+ $10 Nxf6 16. e4 $10) 15... Ne8 $1 $15 16. Qe3 $2 (16. Rab1
Qb7 17. a4 Nc5 18. Ba1) 16... Qb7 17. a4 Rac8 $2 (17... Nc5 18. Nd2 (18. b4 Nd7
{/\ ...Rac8,...Ne5,...Rc7,...Rdc8}) 18... h6 $1 {/\ 19...Bg5, 20...Bxd2, 21...
Nxb3}) 18. Nd2 $2 (18. Rab1 $1 Nc5 19. Ba1) 18... h6 $2 {>= 18...Nc5!} 19. Qe4
Qb8 20. f4 {offering a draw} Bf6 {/\ 21...b5} (20... Ndf6 21. Qf3 d5 22. e4 $13
) 21. Qf3 Rc7 (21... b5 $5 22. axb5 axb5 23. cxb5 d5 24. e4 Nc7 $36 25. exd5
Nxd5 26. Nde4 (26. Nxd5 exd5 27. Bxf6 Nxf6 28. Qd3 Rc5 29. Ra5 Qc7 {/\ 30...Rc3
}) 26... Bxc3 27. Nxc3 Nxc3 28. Bxc3 Qxb5) 22. Rab1 Rdc8 23. Nde4 Be7 24. Ba1
Nc5 25. Nf2 (25. Nxc5 $2 bxc5 $1 {>< b3}) 25... Nd7 26. g4 $2 (26. e4 $6 Qb7 {
/\ 27...Bf6, 28...Nc5 /28...Bxc3 29...b5}) (26. Nfe4 $1 Nc5 27. Nf2 Bf8 {
/\ 28...Rd8, 29...Rcc8, 30...Nc7 /\ 31...b5} (27... Nb7 $5 {/\ 28...Na5, 29...
Nc6, 30...Na7, 31...b5})) 26... Nc5 $2 (26... Nf8 $1 {/\ 27...Ng6}) 27. e3 (27.
Rh1 Bh4 $1 (27... Nd7 $2 28. h4 Nf8 29. h5) 28. Qh3 Bf6 29. Qf3 Bxc3 $5 30.
Bxc3 b5 $1 $15) (27. Kg3 $5 g5 $1 28. e3 Nd7 {/\ 29...Nf8, 30...Ng6, 31...d5})
27... Nd7 28. Rbc1 Nf8 29. h3 (29. Kh3 $5 Ng6 30. Nfe4 Nh4 31. Qh1) (29. f5 Nd7
30. Nce4 b5 $1) 29... Ng6 30. Kh2 Nh4 31. Qg3 $2 (31. Qh1 $1 Rd7 $1 {/\ 32...
Rcd8, 33...Nc7 /\ ...b5/ ...d5} (31... g5 $6 {/\ 32...gxf4 33.exf4 d5} 32. Kg1
$1 Qa7 $5 33. Rd3 $1)) 31... Qb7 $19 {/\ 32...Nf3+} 32. Nfe4 (32. e4 g5 $1 33.
Nd3 (33. f5 d5 34. cxd5 Bd6 35. e5 Bxe5 36. Qxe5 Nf3+ $19) 33... Bf6 {/\ 33...
Bd4, 34...Nf6 /\ 33...Bxc3 34.Bxc3 Qxa4} 34. e5 $2 Nf3+ 35. Kh1 Nxe5+ $19)
32... b5 $1 33. axb5 axb5 34. cxb5 d5 35. Nd2 Nd6 36. b6 (36. Ne2 Rc2 $1 37.
Rxc2 Rxc2 38. Nd4 Ne4 39. Qe1 Ra2 40. Qe2 Bb4 $19) (36. Rc2 Nxb5 37. Rdc1 d4
38. exd4 Nxd4 39. Ra2 Ne2 40. Nxe2 Rxc1 41. Nxc1 Rxc1 $19) 36... Qxb6 37. Na4
$6 (37. Qf2 Qb4 38. Na2 Rxc1 39. Nxb4 Rxd1 $19) 37... Qb5 38. Nc3 (38. Rxc7
Qe2+) 38... Rxc3 39. Bxc3 Qe2+ 40. Kg1 Rxc3 41. Qf2 Qxe3 42. Qxe3 Rxe3 {
Matthias Wahls} 0-1

[Event "Lone Pine op Louis D. Statham Masters"]
[Site "Lone Pine"]
[Date "1979.04.01"]
[Round "6"]
[White "Petursson, Margeir"]
[Black "Tarjan, James Edward"]
[Result "0-1"]
[WhiteElo "2420"]
[BlackElo "2525"]
[Annotator "ChessBase"]
[PlyCount "128"]
[EventDate "1979.03.25"]
[EventType "swiss"]
[EventRounds "9"]
[EventCountry "USA"]
[SourceTitle "MCL"]
[Source "ChessBase"]
[SourceDate "1999.07.01"]
[SourceVersion "1"]
[SourceVersionDate "1999.07.01"]
[SourceQuality "1"]

1. c4 Nf6 2. Nf3 c5 3. Nc3 e6 4. g3 b6 5. Bg2 Bb7 6. O-O Be7 7. b3 O-O 8. Bb2
a6 9. e3 d6 10. Qe2 Nbd7 11. Rfd1 Re8 12. Rac1 Rc8 13. h3 Rc7 14. d3 Qa8 15. e4
Nb8 16. Nh2 Nc6 17. f4 Nd7 18. g4 b5 19. g5 Nd4 20. Qf2 Nb6 21. h4 Rd7 22. Ng4
d5 23. cxd5 exd5 24. Nxd5 Nxd5 25. exd5 Bxd5 26. Bxd4 cxd4 27. Re1 Rdd8 28.
Bxd5 Qxd5 29. Re5 Qd7 30. Qg2 Kf8 31. Rce1 f5 32. Nf2 Bd6 33. Rxe8+ Rxe8 34.
Rxe8+ Kxe8 35. Qd5 Bxf4 36. Qg8+ Ke7 37. Qxg7+ Kd8 38. Qf6+ Kc7 39. Qxa6 Qd5
40. Qa7+ Kd8 41. Qxh7 Qf3 42. Qh8+ Kc7 43. Qxd4 Be3 44. Qe5+ Kc8 45. Qb2 f4 46.
Kf1 Qg3 47. Qe2 Kc7 48. g6 Qxg6 49. Qf3 Qf6 50. h5 b4 51. Kg2 Qb2 52. h6 Qxa2
53. h7 Qb2 54. Kf1 Qg7 55. Qh3 Bd4 56. Qf5 Kb7 57. Qxf4 Ka6 58. Ng4 Ka5 59.
Qf5+ Kb6 60. Kg2 Bc3 61. Kf3 Ka6 62. Ne3 Qb7+ 63. Qe4 Qf7+ 64. Ke2 Qxb3 $138 (
64... Qxb3 65. Qa8+ $18) 0-1

[Event "URS-ch FL56"]
[Site "Klaipeda"]
[Date "1988.??.??"]
[Round "?"]
[White "Gelfand, Boris"]
[Black "Kholmov, Ratmir D"]
[Result "1-0"]
[WhiteElo "2585"]
[BlackElo "2475"]
[Annotator "ChessBase"]
[PlyCount "79"]
[EventDate "1988.11.??"]
[EventType "tourn"]
[EventRounds "17"]
[EventCountry "URS"]
[EventCategory "9"]
[SourceTitle "CBM 011"]
[Source "ChessBase"]
[SourceDate "1989.08.01"]
[SourceVersion "1"]
[SourceVersionDate "1989.08.01"]
[SourceQuality "1"]

1. c4 e6 2. Nf3 Nf6 3. g3 b6 4. Bg2 Bb7 5. O-O c5 6. Nc3 Be7 7. d4 cxd4 8. Qxd4
Nc6 9. Qf4 O-O 10. b3 Qb8 11. Rd1 Rd8 12. Qxb8 Raxb8 13. Bf4 Rbc8 14. Ne5 Ba8
$6 (14... d6 15. Nxc6 Bxc6 16. Rd2 $14) (14... d5 $1 15. cxd5 Nxe5 16. d6 Rxd6
17. Bxb7 Rxc3 18. Bxe5 Rxd1+ 19. Rxd1 Rc2 20. Bf3 Rxa2 21. Rc1 Rd2 $10) 15. Nb5
$1 Nxe5 16. Bxe5 Bxg2 17. Kxg2 a6 18. Nd6 Rc6 19. h3 Bxd6 20. Bxd6 b5 21. c5
Ne4 22. Be7 Re8 23. Rxd7 Nxc5 24. Ra7 Ne4 25. Rd1 h6 26. Rdd7 Nc3 27. Ba3 e5
28. Rxf7 Rg6 29. h4 $1 h5 30. e3 Nxa2 31. Rf5 b4 32. Bb2 Nc3 33. Rxh5 Nb5 34.
Rb7 Nd6 35. Rxb4 Nf7 36. Rf5 Rc6 37. h5 Rc2 38. Ba1 Rd8 39. Bxe5 Rc5 40. f4 1-0